| 000 | 02623nam0a2200409 i 4500 | ||
|---|---|---|---|
| 001 | RU\NLR\bibl\1932525 | ||
| 005 | 20260406083745.0 | ||
| 010 |
_a9785991620406 _91500 |
||
| 021 |
_aRU _b2012-53452 _93899 |
||
| 035 | _a(NLR Aleph) 001921871 | ||
| 090 |
_a3317384 _c3317384 |
||
| 100 | _a20120808d2012 u y0rusy50 ca | ||
| 101 | 0 | _arus | |
| 102 | _aRU | ||
| 105 | _ay ||||||||| | ||
| 200 | 1 |
_aАдминистративное право Российской Федерации _eучебник для бакалавров _eучебник для студентов высших учебных заведений, обучающихся по направлению подготовки 021100(030501) "Юриспруденция", [по специальностям 030505(023100) "Правоохранительная деятельность", 350600(030502) "Судебная экспертиза", 032700(050402) "Юриспруденция (учитель права)", 030500(521400) "Юриспруденция (бакалавр)" _eбазовый курс] _fЮ.И. Мигачев, Л.Л. Попов, С.В. Тихомиров _gпод ред. засл. деят. науки Рос. Федерации, д.ю.н., проф. Л.Л. Попова |
|
| 205 | _a3-е изд., перераб. и доп. | ||
| 210 |
_aМосква _cЮрайт _d2012 |
||
| 215 |
_a447 с. _d21 |
||
| 225 | 1 | _aУчебно-методическое объединение рекомендует | |
| 225 | 1 | _aУчебник | |
| 225 | 1 | _aБакалавр | |
| 300 | _aНа обороте тит.л. авт.: Мигачев Ю.И. д.ю.н., проф., Попов Л.Л. д.ю.н., проф., засл. деят. науки РФ, Тихомиров С.В. к.ю.н. | ||
| 300 | _aНа обл. авт. не указаны | ||
| 300 | _aНа обл. 3-е изд. | ||
| 320 | _aБиблиогр. в подстроч. примеч. и в тексте | ||
| 606 | 1 |
_aАдминистративное право _jУчебники для высших учебных заведений _yРоссийская Федерация _92077672 _3RU\NLR\auth\661253353 |
|
| 686 | _aХ621я73 | ||
| 700 | 1 |
_aМигачев _bЮ. И. _gЮрий Иванович _4070 |
|
| 701 | 1 |
_4070 _7ca _8rus _aПопов _bЛ. Л. _cд-р юрид. наук _f1930- _gЛев Леонидович _933919 _3RU\NLR\auth\7750985 |
|
| 701 | 1 |
_aТихомиров _bС. В. _gСергей Васильевич _4070 |
|
| 801 | 0 |
_aRU _bNLR _c20120808 _gRCR |
|
| 801 | 1 |
_aRU _bNLR _c20120808 |
|
| 830 | _aавт. по кн. | ||
| 942 | _cBOOK | ||
| 980 | _aNBR | ||